Quality Costs Assessment as Part of Auditing and Improving the Quality Management System
Analýza prípravy na recertifikačný audit vo vybranom podniku pôsobiacom v potravinárskom priemysle vo východoslovenskom regióne Slovenska. Hodnotenie nákladov na kvalitu - zameranie sa na najvýznamnejšie z nich. Analýza súčasného stavu systému manažérstva kvality v podniku. Návrh odporúčaní, resp. n...
Gespeichert in:
| 1. Verfasser: | |
|---|---|
| Weitere Verfasser: | |
| Format: | Buchkapitel |
| Sprache: | Englisch |
| Schlagworte: | |
| Tags: |
Keine Tags, Fügen Sie das erste Tag hinzu!
|
MARC
| LEADER | 00000naa$a2200000$$$4500 | ||
|---|---|---|---|
| 001 | 0261414 | ||
| 005 | 20240502074145.2 | ||
| 041 | 0 | |a eng | |
| 044 | |a SK | ||
| 245 | 1 | 0 | |a Quality Costs Assessment as Part of Auditing and Improving the Quality Management System |c Petra Szaryszová, Jana Vajdová |
| 520 | |a Analýza prípravy na recertifikačný audit vo vybranom podniku pôsobiacom v potravinárskom priemysle vo východoslovenskom regióne Slovenska. Hodnotenie nákladov na kvalitu - zameranie sa na najvýznamnejšie z nich. Analýza súčasného stavu systému manažérstva kvality v podniku. Návrh odporúčaní, resp. nápravných a preventívnych opatrení, pre zlepšovanie a udržiavanie zavedeného systému manažérstva kvality vo vybranom podniku. | ||
| 610 | 2 | 0 | |a nástroje riadenia |
| 610 | 2 | 0 | |a náklady na kvalitu |
| 610 | 2 | 0 | |a audit |
| 610 | 2 | 0 | |a podnik |
| 610 | 2 | 0 | |a riadenie kvality |
| 610 | 2 | 0 | |a opatrenia |
| 610 | 2 | 0 | |a analýza nákladov |
| 100 | 1 | |a Szaryszová, Petra, 1984- | |
| 700 | 1 | |a Vajdová, Jana, 1983- | |